000
00305nam a2200133Ia 4500
005
20251222143315.0
008
251222s9999||||xx |||||||||||||| ||spa||
020
_a
2-226-13605-3
082
_a
818.5/T76
100
_a
Tosches, Nick
245
0
_a
La Main de Dante
264
_b
Albin Michel
942
_c
LIB
999
_c
15881
_d
15881